000 00511nam a22001697a 4500
003 DO-SdBNP
005 20210909153058.0
007 ta
008 210909b 2017 dr a 00| 0 eng d
020 _a9789945167856
040 _aDO-SdBNP
_bspa
_cBNPHU
245 _aLecciones de buen periodismo en la isla
260 _aSanto Domingo :
_bEspacio de Comunicación insular,
_bAsociación Mundial para la Comunicación Cristiana,
_c2017.
300 _a203 p. :
_bil. ;
_c23 cm.
910 _aBtavárez
942 _2ddc
_cLBS1
999 _c50466
_d50466